| 000 | 00616nam a2200193 a 4500 | ||
|---|---|---|---|
| 001 | 000035677 | ||
| 005 | 20200930074526.0 | ||
| 008 | 111108s1972 xxuab r 000 0 spa d | ||
| 020 | _a0155026011 | ||
| 040 |
_aDO-SdBNP _bspa _cBNPHU |
||
| 082 |
_axxxx _bxxxx |
||
| 100 | 1 |
_aBedford, Henry F. _961600 |
|
| 245 | 1 | 0 |
_aThe americans / _cHenry F. Bedford, Trevor Colbourn. |
| 260 |
_aNew York : _bHarcourt Brace, _c1972. |
||
| 300 |
_a2v. : _bil., map. ; _c24 cm. |
||
| 505 | 0 |
_gv.1-- _tA brief history to 1877-- _gv.2-- _tA brief history since 1865. |
|
| 590 | _aInventariado, 2019/BT | ||
| 700 | 1 |
_aColbourn, Trevor _961601 |
|
| 999 |
_c35168 _d35168 |
||